Normal view
MARC view
Entry Personal Name
001 - CONTROL NUMBER
- control field: 19879
003 - CONTROL NUMBER IDENTIFIER
- control field: OSt
005 - DATE AND TIME OF LATEST TRANSACTION
- control field: 20211105134435.0
008 - FIXED-LENGTH DATA ELEMENTS
- fixed length control field: 211105|| aca||aabn | a|a d
040 ## - CATALOGING SOURCE
- Original cataloging agency: OSt
- Transcribing agency: OSt
100 ## - HEADING--PERSONAL NAME
- Personal name: Frank, Juhan., ed
670 ## - SOURCE DATA FOUND
- Source citation: Work cat.: (OSt): NATO Advanced Research Workshop on theory of Accretion Disks - 2 Garching 1993 Mar. 22-26 19877, Theory of accretion disks - 2, 1994